00408pab a2200133 454500008004000000100002200040245007200062260000900134300001300143362000800156650003200164650002600196773005200222180718b2001 xxu||||| |||| 00| 0 eng d aGeri, Laurance R. aNew public management and the reform of International organizations c2001 ap.445-60 aSep aInternational organizations aPublic administration aInternational Review of Administrative Sciences